000 00756nam a2200289Ia 4500
005 20260324120536.0
008 008 260324s9999 xx 000 0 eng d
020 _a9781315589626
037 _aEBOOK
040 _aCRL
040 _beng
040 _cCRL
041 _2eng
041 _aeng
084 _qCRL
100 _aLouise Fawcett; Mario Telò; Frederik Ponjaert
_91158985
245 0 _aInterregionalism and the European Union
245 2 _bA Post-Revisionist Approach to Europe's Place in a Changing World
260 _bTaylor and Francis
260 _c2015
365 _a
365 _b240
856 _uhttp://www.taylorfrancis.com/books/9781315589626
942 _cEBOOK
999 _c1750585
_d1750585